| 000 | 01135nam a2200241Ia 4500 | ||
|---|---|---|---|
| 003 | Ost | ||
| 005 | 20260507074922.0 | ||
| 008 | 260507s9999||||xx |||||||||||||| ||und|| | ||
| 020 | _a9789957121631 | ||
| 040 | _cfsecg | ||
| 041 | _aara | ||
| 082 | _a337.3 | ||
| 100 |
_aجرادات، عبد الناصر احمد _eمؤلف |
||
| 245 | 0 |
_aأسس العلاقات العامة بين النظرية والتطبيق / _c عبد الناصر احمد جرادات |
|
| 260 |
_aعمان: _bدار اليازوري للنشر والتوزيع, _c2009 |
||
| 300 |
_a235 صفحة؛ _bإيضاحات ؛ _c25 سم |
||
| 504 | _aببليوغرافيا: ص. 231 | ||
| 520 | _aمفهوم وتطور العلاقات العامة وأهدافها -أهمية العلاقات العامة ودورها في التنمية -الرأي العام -العلاقات العامة مع جماهير المنظمة -تنظيم أجهزة العلاقات العامة | ||
| 653 | _aالرأي العام | ||
| 653 | _aالعلاقات العامة | ||
| 700 |
_aالشامي، هاتف لبنان _eمؤلف ثانوي |
||
| 942 | _cكتاب | ||
| 999 |
_c41803 _d41803 |
||